The mirror/ (Record no. 11132)

MARC details
000 -LEADER
fixed length control field 00578nam a22001937a 4500
005 - DATE AND TIME OF LATEST TRANSACTION
control field 20210123140244.0
008 - FIXED-LENGTH DATA ELEMENTS--GENERAL INFORMATION
fixed length control field 210123b ||||| |||| 00| 0 eng d
040 ## - CATALOGING SOURCE
Original cataloging agency IN-DiNC
Transcribing agency IN-DiNC
041 ## - LANGUAGE CODE
Language code of sung or spoken text English
082 ## - DEWEY DECIMAL CLASSIFICATION NUMBER
Classification number 920
Item number GOS
100 ## - MAIN ENTRY--PERSONAL NAME
Personal name Goswami, Sarmistha
Relator term Author
245 ## - TITLE STATEMENT
Title The mirror/
Statement of responsibility, etc. by Sarmistha Goswami
260 ## - PUBLICATION, DISTRIBUTION, ETC.
Place of publication, distribution, etc. Guwahati:
Name of publisher, distributor, etc. Mriganka Goswamu and Diganta Goswami,
Date of publication, distribution, etc. 2012
300 ## - PHYSICAL DESCRIPTION
Extent 234p.
650 ## - SUBJECT ADDED ENTRY--TOPICAL TERM
Topical term or geographic name entry element Biography of Sarmistha Goswami
650 ## - SUBJECT ADDED ENTRY--TOPICAL TERM
Topical term or geographic name entry element Literary contribution of Sarmistha Goswami
700 ## - ADDED ENTRY--PERSONAL NAME
Personal name Goswami, Haramohan Dev
Relator term Editor
942 ## - ADDED ENTRY ELEMENTS (KOHA)
Source of classification or shelving scheme Dewey Decimal Classification
Koha item type Books
Holdings
Withdrawn status Lost status Source of classification or shelving scheme Damaged status Not for loan Home library Current library Shelving location Date acquired Cost, normal purchase price Total Checkouts Full call number Barcode Date last seen Copy number Price effective from Koha item type
    Dewey Decimal Classification     Central Library, Naharkatiya College Central Library, Naharkatiya College General Stacks 23/01/2021 250.00   920 GOS 24763 23/01/2021 1 23/01/2021 Books

Naharkatiya College © 2020. All rights reserved.

Powered By